| 000 | 00846nam a2200253 a 4500 | ||
|---|---|---|---|
| 001 | 10082 | ||
| 003 | CO-ViMGA | ||
| 008 | 141112s2004 ck r 000 u spa d | ||
| 020 | _a8481741280 | ||
| 040 |
_aCO-ViMGA _bspa _cCO-ViMGA |
||
| 082 | 0 | 4 | _a617.522059 C177 |
| 100 | 1 |
_aCambra ; J.J, _912755 |
|
| 245 | 1 | 0 | _aManual de Cirugía periodontal, periapical y de colación de implantes |
| 260 |
_aMadrid : _bMosby - Doyma libros S.A, _c1996 |
||
| 300 | _a150p. : il. color | ||
| 650 | 1 | 4 |
_aCIRUGIA PERIAPICAL _912756 |
| 650 | 1 | 4 |
_aCIRUGIA PERIODONTAL A COLGAJO _912757 |
| 650 | 1 | 4 |
_aIMPLANTES UNITARIOS _912758 |
| 650 | 1 | 4 |
_aINJERTO LATERAL DE TRANSPOSICION _912759 |
| 650 | 1 | 4 |
_aPRESERVACION DE LA CRESTA CON INJERTO OSEO _912760 |
| 650 | 1 | 4 |
_aTECNICA DE CURETAJE ABIERTO _912761 |
| 650 | 1 | 4 |
_aTECNICA DE HEMISECCION _912762 |
| 942 |
_2ddc _cBK |
||
| 999 |
_c21456 _d21456 |
||